Diccionario crítico etimológico de la lengua castellana / (Record no. 49008)

MARC details
000 -LEADER
campo de control de longitud fija 00804nam a2200229 i 4500
001 - NÚMERO DE CONTROL
campo de control 49008
003 - IDENTIFICADOR DE NÚMERO DE CONTROL
campo de control ES-MaACL
005 - FECHA Y HORA DE LA ÚLTIMA TRANSACCIÓN
campo de control 20240511063019.0
008 - DATOS DE LONGITUD FIJA--INFORMACIÓN GENERAL
campo de control de longitud fija 030704r1974 sp d |||| | spa d
020 ## - NÚMERO INTERNACIONAL ESTÁNDAR DEL LIBRO
Número Internacional Estándar del Libro 84-249-1322-1
100 1# - ENTRADA PRINCIPAL--NOMBRE DE PERSONA
Nombre de persona Coromines, Joan,
Fechas asociadas al nombre 1905-1997
9 (RLIN) 40667
245 10 - MENCIÓN DEL TÍTULO
Título Diccionario crítico etimológico de la lengua castellana /
Mención de responsabilidad, etc. por Joan Corominas.
250 ## - MENCION DE EDICION
Mención de edición Reimp.
260 ## - PUBLICACIÓN, DISTRIBUCIÓN, ETC.
Lugar de publicación, distribución, etc. Madrid :
Nombre del editor, distribuidor, etc. Gredos,
Fecha de publicación, distribución, etc. 1974.
300 ## - DESCRIPCIÓN FÍSICA
Extensión 4 v. ;
Dimensiones 25 cm.
490 0# - MENCIÓN DE SERIE
Mención de serie Biblioteca románica hispánica. V. Diccionarios ;
Designación de volumen o secuencia 1
RLIN 179266
505 8# - NOTA DE CONTENIDO CON FORMATO
Nota de contenido con formato Contiene: v. I ;
Título A-C - v. II ;
-- CH-K - v. III ;
-- L-RE - v. IV ;
-- RI-Z. Índices
650 #7 - PUNTO DE ACCESO ADICIONAL DE MATERIA--TÉRMINO DE MATERIA
Término de materia o nombre geográfico como elemento de entrada Lengua española-
Subdivisión general Etimología-
Subdivisión de forma Diccionarios
9 (RLIN) 162364
852 ## - LOCALIZACIÓN
Ubicación ES-MaACL
Número de control de estantería E-7957-60
942 ## - ELEMENTOS DE ENTRADA SECUNDARIOS (KOHA)
Fuente del sistema de clasificación o colocación Clasificación decimal universal
Holdings
Estatus retirado Estado de pérdida Estado de daño No para préstamo Colección Biblioteca de origen Biblioteca actual Ubicación en estantería Fecha de adquisición Fuente de adquisición Total de préstamos Signatura topográfica completa Código de barras Visto por última vez Precio de reemplazo Tipo de ítem Koha
        Colección de referencia Biblioteca del Ateneo de Madrid Biblioteca del Ateneo de Madrid Depósito 2 17/01/2008     E-7957-60 1051574 23/02/2023 23/02/2023 Libro impreso